| 000 | 00765nam a2200265Ia 4500 | ||
|---|---|---|---|
| 003 | OSt | ||
| 005 | 20220918223451.0 | ||
| 006 | a|||||r|||| 00| 0 | ||
| 007 | ta | ||
| 008 | 220917b |||||||| |||| 00| 0 eng d | ||
| 024 | _a222,867 | ||
| 037 | _cTextual | ||
| 040 |
_aARTS _cARTS _beng |
||
| 041 |
_2eng _aeng |
||
| 082 | _a2:81, P3(2D) | ||
| 100 |
_aWilkinson Frances C. _9145838 |
||
| 245 | 0 | _aComplete guide to acquisitions management | |
| 260 |
_aLondon _bLibraries unlimited _c2003 |
||
| 300 |
_axii, 297p _ccm. |
||
| 490 | _aLibrary and information science text | ||
| 650 | _aLIBRARY SCIENCE | ||
| 700 |
_a Lewis Linda _9145839 |
||
| 942 |
_h2:81, P3(2D) _cTEXL _2CC |
||
| 999 |
_c278592 _d278592 |
||